Statistieken voor Kies wat volgens u klopt (België editie)

Klik hier om de quiz te nemen!

Algemene statistieken

  • Deze quiz is 50 keer genomen
  • De gemiddelde score is 14 van 30

Antwoordstatistieken

VraagVakSelect% Correct
wat is dit 🍟franse patatNee
100%
wat is dit 🍟aardappelstokjesNee
98%
wat is dit 🍟belgische patatNee
98%
Beste belgische provincieBrussel(hoofdstad)Nee
98%
wat is dit 🍟chipsNee
98%
Beste belgische provinciegeenNee
91%
wat is dit 🍟franse frietenNee
89%
wat is dit 🍟patatNee
84%
wat is dit 🍟frietjesJa
75%
wat is dit 🍟frietJa
52%
wat is dit 🍟belgische frietjesJa
48%
Beste uitvindingen van Belgiëde saxofoonJa
48%
Beste uitvindingen van Belgiëde speculoospasta/speculaaspastaJa
48%
Beste belgische provincieWest-VlaanderenJa
48%
Beste belgische provincieOost-vlaanderenJa
36%
Beste belgische provincieAntwerpenJa
34%
Beste uitvindingen van Belgiëde pralineJa
34%
Beste uitvindingen van Belgiëhet asfaltJa
27%
Beste belgische provincieLimburgJa
25%
Beste uitvindingen van Belgiëde deurbelJa
23%
Beste belgische provincieVlaams-BrabantJa
23%
Beste uitvindingen van Belgiëoerknaltheorie(niet de naam)Ja
20%
Beste belgische provincieBelgisch LuxemburgJa
14%
Beste uitvindingen van Belgiëde cassetteJa
14%
Beste uitvindingen van Belgiëde witloof/witlofJa
14%
Beste belgische provincieHenegouwenJa
14%
Beste belgische provincieLuikJa
14%
Beste belgische provincieNamenJa
14%
Beste belgische provincieWaals-BrabantJa
14%
Beste uitvindingen van BelgiërolschaatsenJa
11%

Scoreverdeling

Percentiel versus Aantal Correcte Antwoorden

Procent van Mensen met Elke Score

Uw Scoregeschiedenis

U heeft deze quiz nog niet genomen